Planting and Establishment of Tropical Trees / (Record no. 1132)
[ view plain ]
| 000 -LEADER | |
|---|---|
| fixed length control field | 00984cam a22003137a 4500 |
| 001 - CONTROL NUMBER | |
| control field | 15668853 |
| 003 - CONTROL NUMBER IDENTIFIER | |
| control field | OSt |
| 005 - DATE AND TIME OF LATEST TRANSACTION | |
| control field | 20240416135344.0 |
| 008 - FIXED-LENGTH DATA ELEMENTS--GENERAL INFORMATION | |
| fixed length control field | 090321s2008 enka b 001 0 eng d |
| 010 ## - LIBRARY OF CONGRESS CONTROL NUMBER | |
| LC control number | 2009417241 |
| 020 ## - INTERNATIONAL STANDARD BOOK NUMBER | |
| International Standard Book Number | 9780850927085 |
| 020 ## - INTERNATIONAL STANDARD BOOK NUMBER | |
| International Standard Book Number | 0850927080 |
| 035 ## - SYSTEM CONTROL NUMBER | |
| System control number | (OCoLC)ocn221244994 |
| 040 ## - CATALOGING SOURCE | |
| Original cataloging agency | KMU |
| Transcribing agency | KMU |
| Modifying agency | KMU |
| Language of cataloging | eng |
| Description conventions | RDA |
| 042 ## - AUTHENTICATION CODE | |
| Authentication code | lccopycat |
| 050 00 - LIBRARY OF CONGRESS CALL NUMBER | |
| Classification number | SB119 |
| Item number | .U68 2008 |
| 100 1# - MAIN ENTRY--PERSONAL NAME | |
| Personal name | Upton, David |
| 245 10 - TITLE STATEMENT | |
| Title | Planting and Establishment of Tropical Trees / |
| Statement of responsibility, etc. | David Upton with Peter de Groot. |
| 260 ## - PUBLICATION, DISTRIBUTION, ETC. | |
| Place of publication, distribution, etc. | London : |
| Name of publisher, distributor, etc. | Commonwealth Secretariat, |
| Date of publication, distribution, etc. | 2008. |
| 300 ## - PHYSICAL DESCRIPTION | |
| Extent | vi, 142 p. : |
| Other physical details | ill. ; |
| Dimensions | 30 cm. |
| 440 #0 - SERIES STATEMENT/ADDED ENTRY--TITLE | |
| Title | Tropical trees : propagation and planting manuals ; |
| Volume/sequential designation | vol 5 |
| 504 ## - BIBLIOGRAPHY, ETC. NOTE | |
| Bibliography, etc. note | Includes bibliographical references and index. |
| 630 00 - SUBJECT ADDED ENTRY--UNIFORM TITLE | |
| Uniform title | Tropical trees. |
| 650 #0 - SUBJECT ADDED ENTRY--TOPICAL TERM | |
| Topical term or geographic name entry element | Plant propagation. |
| 650 #0 - SUBJECT ADDED ENTRY--TOPICAL TERM | |
| Topical term or geographic name entry element | Tree planting |
| Geographic subdivision | Tropics. |
| 700 1# - ADDED ENTRY--PERSONAL NAME | |
| Personal name | De Groot, Peter |
| 906 ## - LOCAL DATA ELEMENT F, LDF (RLIN) | |
| a | 7 |
| b | cbc |
| c | copycat |
| d | 2 |
| e | ncip |
| f | 20 |
| g | y-gencatlg |
| 942 ## - ADDED ENTRY ELEMENTS (KOHA) | |
| Source of classification or shelving scheme | Library of Congress Classification |
| Koha item type | Non-Fiction |
| Suppress in OPAC | No |
| Withdrawn status | Lost status | Source of classification or shelving scheme | Damaged status | Not for loan | Collection | Home library | Current library | Shelving location | Date acquired | Source of acquisition | Total Checkouts | Full call number | Barcode | Date last seen | Price effective from | Koha item type |
|---|---|---|---|---|---|---|---|---|---|---|---|---|---|---|---|---|
| Library of Congress Classification | Non-fiction | Kapasa Makasa University | Kapasa Makasa University | Open Access | 16.04.2024 | Book Aid International | SB 119 Upt | 740852 | 16.04.2024 | 16.04.2024 | Non-Fiction |